[Event "Morbihan-ch 1112"]
[Site "Morbihan"]
[Date "2012.03.10"]
[Round "6.8"]
[White "Hocher, Eugene"]
[Black "Barton, Robin"]
[Result "1-0"]
[WhiteElo "1753"]
[BlackElo "1527"]
[PlyCount "101"]
[EventDate "2011.10.08"]
[EventType "swiss"]
[EventRounds "7"]
[EventCountry "FRA"]
[SourceTitle "EXT 2014"]
[Source "ChessBase"]
[SourceDate "2013.11.20"]
[SourceVersion "1"]
[SourceVersionDate "2013.11.20"]
[SourceQuality "1"]

1. d4 Nf6 2. c4 c5 3. d5 b5 4. cxb5 a6 5. b6 Qxb6 6. Nc3 g6 7. e4 d6 8. Nf3 Bg7 9. Bd3 Nbd7 10. h3 0-0 11. 0-0 Bb7 12. Qe2 Rfe8 13. Bc4 Qc7 14. Bf4 Nb6 15. Bb3 c4 16. Bc2 e6 17. dxe6 Rxe6 18. Rad1 Rd8 19. Rfe1 Nfd5 20. Nxd5 Nxd5 21. Bc1 Nb6 22. Nd4 Ree8 23. Qg4 d5 24. Bf4 Qc5 25. e5 Bc8 26. Qg3 Be6 27. Be3 Qc7 28. f4 f6 29. Nxe6 Rxe6 30. exf6 Bxf6 31. Qg4 Ree8 32. f5 d4 33. Bf4 Rxe1+ 34. Rxe1 Qc5 35. Bd1 d3+ 36. Kh1 Qxf5 37. Qxf5 gxf5 38. Bc7 Rc8 39. Bxb6 Bxb2 40. Rf1 c3 41. Bb3+ Kg7 42. Bd4+ Kg6 43. Be6 Rf8 44. Bc4 Rd8 45. Bb6 Rd6 46. Be3 d2 47. Bb3 Rd8 48. Bc2 Rd5 49. g4 Kf6 50. Kg2 Ba3 51. h4 1-0

[Event "Morbihan-ch 1112"]
[Site "Morbihan"]
[Date "2011.11.19"]
[Round "2.15"]
[White "Malry, Celia"]
[Black "Barton, Robin"]
[Result "1-0"]
[WhiteElo "1480"]
[BlackElo "1590"]
[PlyCount "55"]
[EventDate "2011.10.08"]
[EventType "swiss"]
[EventRounds "7"]
[EventCountry "FRA"]
[SourceTitle "EXT 2014"]
[Source "ChessBase"]
[SourceDate "2013.11.20"]
[SourceVersion "1"]
[SourceVersionDate "2013.11.20"]
[SourceQuality "1"]

1. c4 f5 2. e3 Nf6 3. g3 e6 4. Bg2 d5 5. Qc2 c6 6. Nf3 Bd6 7. d4 0-0 8. 0-0 Nbd7 9. b3 Ne4 10. Bb2 b6 11. Nbd2 Bb7 12. Rac1 Rc8 13. Nxe4 fxe4 14. Ne5 Nxe5 15. dxe5 Bc7 16. Bh3 Qe8 17. Qe2 Rf3 18. Bg4 Rf8 19. cxd5 cxd5 20. f3 Bc6 21. a4 b5 22. fxe4 Rxf1+ 23. Qxf1 bxa4 24. bxa4 dxe4 25. Qa6 Bb6 26. Bd4 Bxd4 27. exd4 Qd7 28. d5 1-0